000 00618nam a2200241 i 4500
001 C2-0220772
003 PPAK
005 20180728150643.0
008 991005s1998 nyu |||| ||||| | eng d
020 _a0440295610
040 _aPPAK
_beng
_cPPAK
_erda
082 0 4 _a823
_223
090 0 0 _a823
_bBUR
_dG
100 1 _aBurke, James Lee,
_eauthor
245 1 0 _aSunset limited
264 1 _aNew York :
_bDell Publishing ,
_c1998
300 _a387 pages ;
_c18 cm
336 _2rdacontent
_atext
337 _2rdamedia
_aunmediated
338 _2rdacarrier
_avolume
650 1 0 _aEnglish fiction
942 _ddc
_cB
999 _c142644
_d142644